| 000 | 01202nam a2200313 i 4500 | ||
|---|---|---|---|
| 001 | 000027346 | ||
| 003 | DO-SdBNP | ||
| 005 | 20250929084050.0 | ||
| 007 | ta | ||
| 008 | 110331s1975 dr ac 000 | spa d | ||
| 040 |
_aDO-SdBNP _bspa _cBNPHU _erda |
||
| 041 | _aspa | ||
| 082 | 4 |
_a923.57293 _bG633S 1975 _222 |
|
| 100 | 1 |
_aSouza, Benigno, _943866 _eautor _4aut. |
|
| 245 | 1 | 0 |
_aMáximo Gómez : _bel generalísimo / _cB. Souza. |
| 246 | 1 | 4 |
_aMáximo Gómez el generalísimo: _bsu vida y sus campañas militares |
| 264 | 1 |
_aSanto Domingo : _bRevista & Ediciones Renovación, _c1975. |
|
| 300 |
_a222 páginas : _bilustraciones, retratos ; _c19 cm. |
||
| 336 |
_atexto _btxt _2rdacontent |
||
| 337 |
_asin mediación _bn _2rdamedia |
||
| 338 |
_avolumen _bnc _2rdacarrier |
||
| 534 |
_pIncluye facsímil de la portada de la primera edición publicada en: _cLa Habana: Editorial Trópico, 1936. |
||
| 590 | _aInventariado, 2023/BT | ||
| 600 | 1 | 0 |
_aGómez, Máximo, _d1836-1905 _912249 |
| 651 | 4 |
_aCuba _xHistoria _yGuerra de los diez años, 1868-1978 _943867 |
|
| 651 | 4 |
_aCuba _xHistoria _yGuerra de independencia, 1895-1898 _911019 |
|
| 910 | _aValidado. Control de calidad. MMOLINA | ||
| 942 |
_2ddc _cLBS1 |
||
| 999 |
_c26838 _d26838 |
||